000 00297nam a2200133 i 4500
001 bg
100 1 _aWIELAND, J.
245 0 _aPodstawy elektroniki /
_cJ. Wieland. Cz.5.
260 _aGdynia,
_c1984.
040 _cBPK
041 _apol
942 _cKS
008 s pl f |000 0 pol
999 _c2693
_d2693
856 _uhttp://koha.tu.koszalin.pl/cgi-bin/koha/opac-detail.pl?biblionumber=2693
_yKatalog online BPK